000 00726cab a2200241 4500
001 WB3134-25
008 090401t1995 xxu||||| |||| 00| 0 eng d
035 _a(Sirsi) u65559
041 _aeng
245 _aWimpey underpins a subsiding market
260 _c1995
350 _a0
490 _aObserver
_v10 September 1995, 4(1)
520 _aDespite many housebuilders` recent announcements that they wish to pull out of the struggling housebuilding sector, Wimpey confirm their commitment to housing.
650 _aCONSTRUCTION COMPANIES
650 _aFUTURE
650 _aHOUSE BUILDERS
650 _aHOUSE BUILDING
650 _aWIMPEY
690 _aHOUSING-DEVELOPMENT
942 _n0
948 _c04/03/1997
999 _c40886
_d40886